|
|
|
|
| LEADER |
00000cam a2200000 7i4500 |
| 001 |
0000084237 |
| 005 |
20191107.0 |
| 008 |
191107 |
| 020 |
|
|
|a 9789832423775
|
| 041 |
0 |
|
|a Malay
|
| 090 |
0 |
0 |
|a 297.5677
|b PAH
|
| 100 |
0 |
|
|a Pahrol Mohamad Juoi
|
| 245 |
0 |
0 |
|a Merawat cinta dalam rumah tangga
|c Pahrol Mohamad Juoi
|
| 260 |
|
|
|a Selangor :
|b Iman Publication Sdn Bhd ,
|c 2019
|
| 300 |
|
|
|a 209 p. :
|b ill.,col. ;
|c 21 cm.
|
| 541 |
0 |
0 |
|c Purchased on 2019
|f 2019-12 IBZ
|h RM28.00
|
| 650 |
|
0 |
|a Husband & wife
|x Conduct of life
|
| 650 |
|
0 |
|a Love
|x Religious aspects
|x Islam
|
| 650 |
|
0 |
|a Marriage
|x Religious aspects
|x Islam
|
| 999 |
|
|
|a 0001601631
|b Book
|c Adult Collection
|e Cawangan Pontian
|
| 999 |
|
|
|a 0001601633
|b Book
|c Adult Collection
|e Cawangan Taman Sri Lambak
|
| 999 |
|
|
|a 0001601634
|b Book
|c Adult Collection
|e Cawangan Segamat
|
| 999 |
|
|
|a 0001601635
|b Book
|c Adult Collection
|e Cawangan Tangkak
|
| 999 |
|
|
|a 0001601636
|b Book
|c Adult Collection
|e Cawangan Bandar Penawar
|
| 999 |
|
|
|a 0001601637
|b Book
|c Adult Collection
|e Cawangan Mersing
|
| 999 |
|
|
|a 0001601638
|b Book
|c Adult Collection
|e Cawangan Tmn. Ungku Tun Aminah
|
| 999 |
|
|
|a 0001601639
|b Book
|c Adult Collection
|e Cawangan Bukit Gambir
|
| 999 |
|
|
|a 0001601640
|b Book
|c Adult Collection
|e Cawangan Muar
|
| 999 |
|
|
|a 0001601641
|b Book
|c Adult Collection
|e Cawangan Bandar Tenggara
|
| 999 |
|
|
|a 0001601642
|b Book
|c Adult Collection
|e Cawangan Batu Pahat
|
| 999 |
|
|
|a 0001601643
|b Book
|c Adult Collection
|e Cawangan Kota Tinggi
|
| 999 |
|
|
|a 0001602003
|b Book
|c Adult Collection
|e Perbadanan Perpustakaan Awam Johor
|
| 999 |
|
|
|a 0001602004
|b Book
|c Adult Collection
|e Perbadanan Perpustakaan Awam Johor
|
| 999 |
|
|
|a 0001602005
|b Book
|c Adult Collection
|e Cawangan Urban Transformation Centre
|
| 999 |
|
|
|a 0001602006
|b Book
|c Adult Collection
|e Cawangan AEON Kulaijaya
|